Introductory non-Euclidean geometry
Αποθηκεύτηκε σε:
| Κύριος συγγραφέας: | |
|---|---|
| Μορφή: | Βιβλίο |
| Γλώσσα: | English |
| Δημοσίευση: |
New York :
Dover Publications,
1963
|
| Θέματα: | |
| Ετικέτες: |
Προσθήκη ετικέτας
Δεν υπάρχουν, Καταχωρήστε ετικέτα πρώτοι!
|
MARC
| LEADER | 00000cam a2200000 i 4500 | ||
|---|---|---|---|
| 001 | 1/106080 | ||
| 008 | 090612s1963 eng d | ||
| 035 | |l 10105070 | ||
| 040 | |a GR-MY-UA |b gre |e aacr | ||
| 041 | 0 | |a eng | |
| 082 | 0 | |a 516.9 |2 (22) | |
| 100 | 1 | |a Manning, Henry Parker, |d 1859-1956. | |
| 245 | 1 | 0 | |a Introductory non-Euclidean geometry / |c by Henry Parker Manning |
| 246 | 3 | 3 | |a Non-Euclidean geometry |
| 260 | |a New York : |b Dover Publications, |c 1963 | ||
| 300 | |a v, 95 σ.; |b διαγρ.; |c 21 εκ. | ||
| 650 | 0 | 0 | |a Geometry, Non-Euclidean. |
| 852 | |a INST |b SAMOS |c MAG |e 20090612 |h 516.9 MAN |p 005300028575 |q 005300028575 |t BK |y 0 | ||
| 901 | |a BIBL3-2009-2 | ||
| 909 | |a Σ |b 158079 | ||
| 970 | |a ΚΟΣΙΕΡΗΣ |b ΧΡΗΣΤΟΣ |z 2009/06/12 | ||